02370nam a2200289 i 4500003001000000005001700010007000300027008004100030020001800071040003500089041000800124084001100132100003600143245005100179250002200230264005000252300002600302336002700328337003300355338002800388520147200416521004101888650004101929650004501970650002902015650003602044CO-BoRNBP20250306142146.0ta231009t2019 sp |||g| 001 0|spa | a9789584282200 aCO-BoRNBPbspaerdacCO-BoRNBP0 hspa aN RED21 aRedondo, Doloresd1969-eautora13aLa cara norte del corazón /cDolores Redondo aPrimera edición1 aBogotá, ColombiabPlaneta Colombiana c2019 a686 páginasc23 cm  atextobtxt2rdacontent asin mediaciónbn2rdamedia avolumenbnc2rdacarrier3 a"Cuando Amaia Salazar tenía doce años estuvo perdida en el bosque durante dieciséis horas. Era de madrugada cuando la encontraron a treinta kilómetros al norte del lugar donde se había despistado de la senda. Desvanecida bajo la intensa lluvia, la ropa ennegrecida y chamuscada como la de una bruja medieval rescatada de una hoguera, y, en contraste, la piel blanca, limpia y helada como si acabase de surgir del hielo.? En agosto de 2005, mucho antes de los crímenes que conmocionaron el valle del Baztán, una joven Amaia Salazar de veinticinco años, subinspectora de la Policía Foral, participa en un curso de intercambio para policías de la Europol en la Academia del FBI, en Estados Unidos, que imparte Aloisius Dupree, el jefe de la unidad de investigación. Una de las pruebas consiste en estudiar un caso real de un asesino en serie a quien llaman «el compositor», que siempre actúa durante grandes desastres naturales atacando a familias enteras y siguiendo una puesta en escena casi litúrgica. Amaia se convertirá inesperadamente en parte del equipo de la investigación que les llevará hasta Nueva Orleans, en vísperas del peor huracán de su historia, para intentar adelantarse al asesino... Pero una llamada de su tía Engrasi desde Elizondo despertará en Amaia fantasmas de su infancia, enfrentándola de nuevo al miedo y a los recuerdos que la dotan de un extraordinario conocimiento de la cara norte del corazón aRecomendado para un público adulto17aNovela españolaySiglo XXI2ARMARC17aLiteratura españolaySiglo XXI2ARMARC17aNovela policiaca2ARMARC17aCrimen en la literatura2ARMARC